000 02331cam a22004934i 4500
003 PE-LiUPU
005 20250731165556.0
008 150625s r 000 0 d
020 _a8489786712
035 _a(Sirsi) i9788489786714
040 _aPE-LiUPU
_bspa
_cPE-LiUPU
_erda
049 _aPRUA
082 0 4 _a574.503
_bR81
_221
100 1 _aRomán Ortega, Francisco,
_eautor.
245 1 0 _aDiccionario de medio ambiente y materias afines /
_cFrancisco Román Ortega.
264 1 _aMadrid :
_bFundación Confemetal,
_c1999.
300 _a416 páginas ;
_c23 centímetros
336 _atext
_2rdacontent
337 _aunmediated
_2rdamedia
338 _avolume
_2rdacarrier
504 _aIncluye referencias bibliográficas.
505 0 _aEl papel de los acuerdos voluntarios en la Política medioambiental de U.E. -La calidad de las aguas. -La calidad del aire. -Sistema europeo de Gestión y auditoría medioambiental. -La convención de Basilea y sus anexos. -Prevención y control integrados de la contaminación de origen industrial. -Envases y residuos de envaces. -La ley Básica de residuos. -Algunas reflecciones de la OCDE sobre el concepto de residuo. -El tributo ambiental. -Deducciones por inverciones destinadas a la protección del medio ambiente. -El marco legislativo. -La direstiva sobre vertederos. -El impacto ambiental y su legislación. -Diccionario (A-V).
526 _aSEG44
526 _aSEG26
526 _aP151
526 _aP150
526 _aP149
526 _aP146
526 _aP145
526 _aP126
526 _aP125
526 _aP92
526 _aP75
526 _aP74
526 _aP27
526 _aP15
541 _g001-022575;
650 0 4 _aMedio ambiente
_vDiccionarios.
942 _2ddc
_cBOOK
949 _aRC 574.503 R81
_wDEWEY
_c1
_i55572
_lCCODEBUL1
_mBUL
_p47.00
_r0
_sY
_tBOOK
_u2015-6-25
_xEDUCACION
_PP24
_0COMPRA
_o.CIRCNOTE. No olvidar cambiar la fecha de devolución!!!!!!!
_o.STAFF. Colección General
994 _aC0
_bPEPRU
596 _a1
999 _aRC 574.503 R81
_wDEWEY
_c44444
_i55572
_f2021-11-8
_g5
_lRCG
_mBUL
_p47.00
_r1
_sN
_tBOOK
_u2015-6-25
_xBIBLIOTECA
_PP24
_0COMPRA
_o.CIRCNOTE. No olvidar cambiar la fecha de devolución!!!!!!!
_o.STAFF. Colección General
_d44444
980 _81
_gALBERTO SANCHEZ Responsable de Automatización